<?xml version="1.0" encoding="UTF-8"?><?xml-stylesheet type="text/xsl" href="static/style.xsl"?><OAI-PMH xmlns="http://www.openarchives.org/OAI/2.0/" xmlns:xsi="http://www.w3.org/2001/XMLSchema-instance" xsi:schemaLocation="http://www.openarchives.org/OAI/2.0/ http://www.openarchives.org/OAI/2.0/OAI-PMH.xsd"><responseDate>2026-06-01T04:22:39Z</responseDate><request verb="GetRecord" identifier="oai:riuma.uma.es:10630/45722" metadataPrefix="marc">https://riuma.uma.es/rest/oai/request</request><GetRecord><record><header><identifier>oai:riuma.uma.es:10630/45722</identifier><datestamp>2026-02-25T00:46:56Z</datestamp><setSpec>com_10630_2254</setSpec><setSpec>col_10630_37953</setSpec></header><metadata><record xmlns="http://www.loc.gov/MARC21/slim" xmlns:dcterms="http://purl.org/dc/terms/" xmlns:doc="http://www.lyncode.com/xoai" xmlns:xsi="http://www.w3.org/2001/XMLSchema-instance" xsi:schemaLocation="http://www.loc.gov/MARC21/slim http://www.loc.gov/standards/marcxml/schema/MARC21slim.xsd">
   <leader>00925njm 22002777a 4500</leader>
   <datafield ind2=" " ind1=" " tag="042">
      <subfield code="a">dc</subfield>
   </datafield>
   <datafield ind2=" " ind1=" " tag="720">
      <subfield code="a">Bordoni Caldeira, Hermê Fellipo</subfield>
      <subfield code="e">author</subfield>
   </datafield>
   <datafield ind2=" " ind1=" " tag="720">
      <subfield code="a">Correia Júnior, Jânio Luiz</subfield>
      <subfield code="e">author</subfield>
   </datafield>
   <datafield ind2=" " ind1=" " tag="720">
      <subfield code="a">Albuquerque da Costa, Julio Cezar</subfield>
      <subfield code="e">author</subfield>
   </datafield>
   <datafield ind2=" " ind1=" " tag="720">
      <subfield code="a">dos Santos Ferreira, Giovana</subfield>
      <subfield code="e">author</subfield>
   </datafield>
   <datafield ind2=" " ind1=" " tag="720">
      <subfield code="a">Pereira da Silva, Samara Cecília Sabino</subfield>
      <subfield code="e">author</subfield>
   </datafield>
   <datafield ind2=" " ind1=" " tag="720">
      <subfield code="a">Pereira Gonçalves, Marina</subfield>
      <subfield code="e">author</subfield>
   </datafield>
   <datafield ind2=" " ind1=" " tag="720">
      <subfield code="a">Burgueño, Rafael</subfield>
      <subfield code="e">author</subfield>
   </datafield>
   <datafield ind2=" " ind1=" " tag="720">
      <subfield code="a">Freitas-Dias, Ricardo</subfield>
      <subfield code="e">author</subfield>
   </datafield>
   <datafield ind2=" " ind1=" " tag="260">
      <subfield code="c">2026-02-24</subfield>
   </datafield>
   <datafield ind2=" " ind1=" " tag="520">
      <subfield code="a">Grounded on Self-Determination Theory, this study aimed to validate the internal structure and internal consistency of the Brazilian version of the Interpersonal Behavior Questionnaire in Physical Education (IBQ-PE-BRA) among Brazilian adolescents. A total of 500 students (51.2% female), aged 11–17 years (M = 13.82, SD = 1.77), completed the IBQ-PE-BRA. Confirmatory Factor Analysis supported the model’s adequacy, and additional Item Response Theory analyses identified items with insufficient discrimination, indicating a low ability to differentiate between different levels of the construct. The internal consistency measure was satisfactory for the Autonomy-Supportive Behaviors, Competence-Supportive Behaviors,  and Relatedness-Supportive Behaviors factors. On the other hand, the three types of need-thwarting behavior obtained unsatisfactory scores. The results of the present study provide important insights for researchers and professionals who intend to use the IBQ-PE-BRA as a tool for assessing students’ perceptions of Physical Education teachers’ behaviors.</subfield>
   </datafield>
   <datafield ind1="8" ind2=" " tag="024">
      <subfield code="a">Caldeira, H.F.B., Correia Júnior, J.L., da Costa, J.C.A. et al. Psychometric validation of the Brazilian version of the interpersonal behavior questionnaire in physical education (2026). Current Psycholofy, 45, 578. https://doi.org/10.1007/s12144-026-09055-z</subfield>
   </datafield>
   <datafield ind1="8" ind2=" " tag="024">
      <subfield code="a">https://hdl.handle.net/10630/45722</subfield>
   </datafield>
   <datafield ind1="8" ind2=" " tag="024">
      <subfield code="a">10.1007/s12144-026-09055-z</subfield>
   </datafield>
   <datafield tag="653" ind2=" " ind1=" ">
      <subfield code="a">Ejercicio físico - Estudio y enseñanza</subfield>
   </datafield>
   <datafield ind2="0" ind1="0" tag="245">
      <subfield code="a">Psychometric validation of the Brazilian version of the interpersonal behavior questionnaire in physical education</subfield>
   </datafield>
</record>
</metadata></record></GetRecord></OAI-PMH>